000 01547cad a22002895a 4500
001 L147724
008 090609s2009 xxkbdeof f000 0 eng d
020 _a9781847812636
035 _a(Sirsi) u147724
041 0 _aeng
050 0 4 _a711.309421 $2 18
110 1 _aLondon
_bGreater London Authority
_bMayor of London
_94869
245 0 0 _aLondon view management framework
_bdraft revised supplementary planning guidance, the London Plan (Spatial Development Strategy for Greater London)
_h[electronic resource]
260 _aLondon
_bGLA
_c2009
505 2 _aForeword -- Introduction -- Conformity with local policies -- Assessment process and consultation -- View management -- Visual management guidance -- Appendices
520 _aConsultation document highlights and seeks views on the Mayor's strategy for protecting London's heritage, particularly panoramas, rivers and townscape views, from the impacts of development.
520 _aDeadline for comments is Friday 4 September 2009.
520 _aSupersedes the 2007 London View Management Framework ISBN 9781847810571 (L139301).
521 _aAdvanced
590 _aKA NTK
650 2 4 _aLONDON VIEW MANAGEMENT FRAMEWORK
650 2 4 _aSPATIAL DEVELOPMENT STRATEGY
651 4 _aLondon (Greater London Authority)
_c2000-
_93989
690 _aENVIRONMENTAL AND LAND CONSULTANCY-PLANNING AND DEVELOPMENT-STRATEGIC PLANNING
856 4 0 _uhttps://www.london.gov.uk/mayor/strategies/sds/spg-views-2009-draft.jsp
_zView the item free of charge at www.london.gov.uk...
942 _n0
999 _c109706
_d109706